Estatísticas para Sete igrejas do Apocalipse

Clique aqui para jogar o quiz

Estatísticas Gerais

  • Esse quiz foi jogado 49 vezes
  • A pontuação média é 5 de 7

Estatísticas das Respostas

HintResposta% Correto
Apocalipse 3:7Filadélfia
82%
Apocalipse 3:14Laodiceia
82%
Apocalipse 2:1Éfeso
73%
Apocalipse 2:8Esmirna
64%
Apocalipse 2:18Tiatira
59%
Apocalipse 3:1Sardes
55%
Apocalipse 2:12Pérgamo
45%

Distribuição das Pontuações

Percentil de Números Respondidos

Porcentagem de Pessoas com Cada Pontuação

Sua Pontuação Histórica

Você não jogou esse quiz